00806nam a22001815i 4500001000700000003000900007005001700016008004100033040003000074100004600104245010900150260008000259300003400339530003500373650002700408852010000435856008900535160366ES-MaACL20250930063140.0990505s1894 sp a |||| | spa d aCCPB | B bspa cCCPB | B1 aMuñoz del Castillo, José, d1850-192610aCorrección de las cajas de pesas b: una práctica de laboratorio /cpor José Muñoz del Castillo. aMadrid : b[s.n.], c1894 (fImp. de la Revista de Navegación y Comercio) a18, [1] p. : bil. ; c18 cm. aDisponible en formato digital. 7aPesos y medidas2embne aES-MaACLjT-1406-F-4 z-- Enc. hol., conservando la cub. original z-- Enc. en un vol. facticio uhttp://bdh-rd.bne.es/viewer.vm?id=0000098962&page=1 zBiblioteca Digital Hispánica